00281 a2200109 4500001000700000040003500007100002600042240004300068245003800111362000900149440001300158150761 cEscola São Tomás de Aquino aDAVIDSON, Alice Joyce10aA história da ovelha desgarradalpor10aA história da ovelha desgarrada0 a1990 1aPaulinas